000
00292nam a2200121Ia 4500
005
20251222155039.0
008
251222s9999||||xx |||||||||||||| ||spa||
082
_a
MEQ. 88
245
0
_a
Anales XII Cogreso Latinoamer. Neurocirugía
250
_a
1ra. ed.
264
_b
No tiene
942
_c
LIB
999
_c
36844
_d
36844